Crush due to London exodus (Record no. 64510)

MARC details
000 -LEADER
fixed length control field 00951cam a2200217 4500
001 - CONTROL NUMBER
control field WB3633-15
008 - FIXED-LENGTH DATA ELEMENTS--GENERAL INFORMATION
fixed length control field 000000n2000 000 0 eng u
035 ## - SYSTEM CONTROL NUMBER
System control number (Sirsi) u107985
245 ## - TITLE STATEMENT
Title Crush due to London exodus
260 ## - PUBLICATION, DISTRIBUTION, ETC.
Date of publication, distribution, etc. 2000
490 ## - SERIES STATEMENT
Series statement Guardian
Volume/sequential designation 24 August 2000, 11(1)
520 ## - SUMMARY, ETC.
Summary, etc. Joseph Rowntree Foundation research dispels the theory that overcrowding in southern England is caused by migration from the north. An analysis of population trends shows that people leaving London between 1991 and 1998 accounted for 50% of the growth, whilst migration from the north, Scotland and Northern Ireland only came to 8%. More information can be found at: http://guardianunlimited.co.uk/northsouth and http://jrf.org.uk
590 ## - LOCAL NOTE (RLIN)
Local note WB
650 ## - SUBJECT ADDED ENTRY--TOPICAL TERM
Topical term or geographic name entry element POPULATION TRENDS
650 ## - SUBJECT ADDED ENTRY--TOPICAL TERM
Topical term or geographic name entry element JOSEPH ROWNTREE FOUNDATION
650 ## - SUBJECT ADDED ENTRY--TOPICAL TERM
Topical term or geographic name entry element MIGRATION
650 ## - SUBJECT ADDED ENTRY--TOPICAL TERM
Topical term or geographic name entry element SOUTHERN ENGLAND
650 ## - SUBJECT ADDED ENTRY--TOPICAL TERM
Topical term or geographic name entry element NORTHERN ENGLAND
650 ## - SUBJECT ADDED ENTRY--TOPICAL TERM
Topical term or geographic name entry element LONDON
942 ## - ADDED ENTRY ELEMENTS (KOHA)
Suppress in OPAC 0
Holdings
Withdrawn status Lost status Source of classification or shelving scheme Damaged status Not for loan Home library Current library Shelving location Date acquired Total Checkouts Full call number Barcode Date last seen Copy number Price effective from Koha item type
    Dewey Decimal Classification     London London News article 24/08/2000   WB3633-15 107985-1001 06/08/2019 1 06/08/2019 News article